MDQL
is popping MORE tags! Check the
thread
!
Quizzes
Events
Quiz Creation
Community
Videos
Private Events
Remove Ads
Sign In
Join for FREE
Feedback
Dark Mode
Quiz Categories
Sports
Geography
Music
Movies
Television
Just For Fun
Miscellaneous
History
Literature
Language
Science
Gaming
Entertainment
Religion
Holiday
For Kids
Quiz Lab
Recent
Popular Today
Quiz Kudos Today
Editor Picks
Curator Picks
Quizzes by...
Day
Popularity
Type
Ratings
Length
Year
Community
Subscriptions
Recent Discussions
Orange Saloon
Badges
Playlists
Quests
Create
Leaderboards
Showdown
Live 5
Trivia Bingo
Activity
Puzzle Library
Sporcle Events
Private Events
Virtual Trivia
Globe League
Become a Host
Pub Owners
SporcleCon
Opinionation
Our Games
Videos
Blog
Mobile Apps
Partnerships
Remove Ads and Go Orange
Feedback
Religion
Mythology
Religious Music
World Religions
Bible
Christianity
Catholicism
Judaism
Church
Scripture
Islam
Verse
Religion
Mythology
Religious Music
World Religions
Bible
Christianity
Catholicism
Judaism
Church
Scripture
Islam
Verse
Random Quiz
Search Sporcle
×
Quiz Lab
Quiz Lab
Religion
Catholicism
Type in answers that appear in a list
Type in answers that appear in a list
Classic
Best Score? Go Orange.
The Hail Mary (Catholic edition) Stats
Can you name the The Hail Mary (Catholic edition)?
By
Snackbar47
3m
15 Questions
1,496 Plays
1,496 Plays
1,496 Plays
Comments
Comments
Give Quiz Kudos
Give Quiz Kudos
-
- Ratings
hide this ad
Replay
Link that replays current quiz
Next Quiz
Link to next quiz in quiz playlist
You Got
0%
They Got
Avg Score
79%
Avg Friend Score
Upgrade to see
Score Distribution
Jump to the score distribution portion of the page
Score
0/15
Timer
03:00
0
Plays Today
% Correct
Hail Mary
99.2%
full of grace
96.3%
the Lord is with thee
90.3%
Blessed art
87.7%
thou
85.6%
amongst women
81.1%
and blessed is the fruit
76.3%
Jesus
75.9%
% Correct
Mother of God
75.9%
Holy Mary
75.1%
of thy womb
74.4%
pray for us sinners
72%
Amen
69.4%
now and at the hour
68.4%
of our death
67.1%
Quiz Playlist
Details
Report
Send in Message
Add To Playlist
Classic:
Type in answers that appear in a list
Last Updated: Feb 16, 2017
Quiz Scoreboard
CHALLENGE
Sign Up to Join the Scoreboard
Show All
Scores
Hide
Comments
May contain spoilers
Recently Published
Colored Red Africa Blitz
by spor1
Geography
30s
Find the 'City' Movie
by crazypaving
Movies
60s
5x2 Blitz: Bands
by SL_Kpop136
Music
30s
More to Explore
Quiz From the Vault
Featured Blog Post
14 Easter Pick-up Lines to Find Eggs With
hide this ad
You Might Also Like...
Tags
Catholicism Quiz
catholic
Edition
hail
Mary
Today's Top Quizzes in Religion
Browse Religion
hide this ad
Today's Top Quizzes in Catholicism
Browse Catholicism
Top Contributed Quizzes in Religion
1
Greek Personifications
2
Christmas Pick: Christianity
3
Greek Deities by Wombo Dream Artwork
4
Mythological Creature Bunker
5
Bible Books Venn Diagram
6
Bible Figures Venn Diagram II
7
Language by 'Haggadah' Cover
8
5-to-1: Children of Gods
9
Plants of Greek Mythology (Picture Click)
10
Dogs in Mythology
Explore More
Trending Topics
Disney
Harry Potter
Anime
Marvel
NBA
Kpop
Crossword
Country
NFL
The Office
Pokémon
Soccer
Puzzle
WWE
Song
hide this ad
More By:
Snackbar47
Quiz
Plays
Rating
Category
Featured
Created
Prayers of the Rosary
11,190
3.66
Religion
Nov 17, 2010
Name the 12 Apostles!
2,954
5.00
Religion
Apr 9, 2020
Memory Verses Sporcle Challenge (Locations Quiz)
1,806
1.29
Religion
Apr 28, 2014
The Hail Mary (Catholic edition)
1,496
2.89
Religion
Nov 19, 2010
The Hail, Holy Queen (Catholic edition)
1,265
4.67
Religion
Nov 19, 2010
Go to Creator's Profile
Score Distribution
Quiz Creator Spotlight
Snackbar47
Follow
Send a Message
Quizzes Created
-
Created Quiz Play Count
-
More By This Creator
Popular Quizzes Today
1
5x2 Blitz: Bands
2
Find the 'City' Movie
3
Colored Red Africa Blitz
4
Find the US States - No Outlines Minefield
5
The Countries of the World
6
Find the US States
7
9x9 Crossword: Cartoon Network
8
US States
More Religion Quizzes
Greek Mythology Venn Diagram
Published
Trending Quizzes
Colored Red Africa Blitz II
Colored Red Europe Blitz I
Christmas Pick: Judaism
Colored Red Africa Blitz III
Colored Red Europe Blitz II
Recently Updated
Champions League XIs: Real Madrid
pecheneg
Largest US Cities 1790-2010
pecheneg
Rides in Walt Disney World
pecheneg
Most Oscar Losses (Acting)
pecheneg
Beyoncé Albums
pecheneg
Leaping Animals
pecheneg
Reality TV Shows (A-Z)
bhenderson79
Rickey Henderson's Hall of Fame Teammates
pecheneg
Champions League XIs: Arsenal
pecheneg
Quick Pick: Celebrities in WWE's Hall of Fame
aduchscher
Trending Topics
Kpop
Harry Potter
Marvel
Disney
Crossword
Anime
NBA
Puzzle
Pokémon
The Office
WWE
NFL
Country
Soccer
Song
Your Account Isn't Verified!
In order to create a playlist on Sporcle, you need to verify the email address you used during registration. Go to your
Sporcle Settings
to finish the process.
Report this User
Report this user for behavior that violates our
Community Guidelines
.
Details:
Send Report
Go to the Sporcle.com Mobile Site →
Comments